Guess the Famous People from their Eyes #28 - Statistics

General Stats
  • This quiz has been taken 153 times
  • The average score is 6 of 16
Answer Stats
Picture Answer % Correct
Heath Ledger
80%
Adam Driver
60%
Christopher Reeve
57%
Patrick Stewart
57%
Margaret Thatcher
48%
Keith Urban
47%
Jessica Chastain
38%
Theodore Roosevelt
38%
Katharine Hepburn
30%
Kit Harington
26%
Miranda Cosgrove
24%
Lucy Lawless
19%
Anna Paquin
15%
Timbaland
13%
Kerry Washington
4%
Daniela Ruah
2%
No matching quizzes found
Score Distribution
Percent of People with Each Score
Percentile by Number Answered
Your Score History
You have not taken this quiz